Villes les plus peuplées du monde commençant par W-X-Y-Z - Statistiques

Statistiques générales
  • Ce quiz a été pris 95 fois
  • Le résultat moyen est 3 sur 10
Statistiques - réponses
Pays Villes % Correct
Cameroun Yaoundé
83%
Chine Wuhan
66%
Chine Xi'an
61%
Chine Xiamen
40%
Chine Zhengzhou
24%
Chine Wuxi
20%
Indonésie Yogyakarta
14%
Chine Zibo
11%
Chine Xuzhou
5%
Chine Zhanjiang
4%
Aucun quiz correspondant
Distribution des résultats
% des personnes avec chaque résultat
Percentile par nombre de réponses
Votre historique - résultats
Vous n’avez pas pris ce quiz